000 00746nab a2200229u 4500
001 10498
003 HDC
007 c| |||a|c|aaaa
008 210204b99991001my ||||o |||| 00| 0 may d
040 _aHDC
245 0 _aPertumbuhan PKS Melebihi KDNK - SME Corp
336 _atext
_2rdacontent
337 _acomputer
_2rdamedia
338 _aonline resource
_2rdacarrier
650 _asmall and medium enterprises (SME)
_97657
650 _aSME Corporation Malaysia (SME Corp)
_99364
710 _aBernama
856 _zRequest full-text at [email protected]
942 _2lcc
942 _cNEWS
942 _kNWS0 000814
999 _c7821
_d7821